000
00314nam a2200133Ia 4500
008
191201s2007 xx 000 0 und d
100
_a
JHA, S K
245
0
_a
Computer Fundamentals and Programming in C
250
_a
-
260
_c
2007
_b
katson
_a
N.Delhi
300
_a
461
650
_a
APPLIED
942
_2
ddc
_c
BB
999
_c
7224
_d
7224